01629nam a2200301 a 4500001001000000003000900010005001700019007000300036008004100039020001800080040002500098082001400123100004400137245010200181260003800283300003800321504003200359505036500391590006400756590002600820700004600846910000700892942001300899952013000912952013201042952013601174999001701310000020678DO-SdBNP20211028145504.0ta100812s2018 r 000 0 spa d a9789945141351 aDO-SdBNPbspacBNPHU 4222bG875L1 aGromosaukas Paul, Elena Wanda de94343113aLa voz : bciencia y arte, /c Elena Wanda Gromosaukas de Paul ; prólogo Eduardo Mejía Jabid. aSanto Domingo :bCorripio,c2018. a408 p. : bil., retrs. ;c23 cm.  aBibliografía : p. 389-405 aPrólogo --tLa voz: ciencia y arte -- t ¿Qué se entiende por higiene vocal? --tLa respiración -- tLa articulación --tEl lenguaje oral --tMétodos de relajación –tEvaluación de la voz –t Recomendaciones generales –tConclusiones –tBibliografía --tEpílogo : La voz en el arte de la expresión /rBruno Rosario Candelier. aLa biblioteca posee 1 ejemplar autografiado por la autora. aInventariado, 2021/BT1 aMejía Jabid, Eduardo, epról.976570 aMF 2ddccLF1 00102ddc507-18MOaGRbGRcCTd2020-03-16eElena Wanda Gromosaukas De PauliLF1l0o p20678-30r2020-06-25w2020-06-25y1 00102ddc728MOaPDbPDcCTd2020-03-16eElena Wanda Gromosaukas De PauliLF1l0o p20678-10r2020-06-25te. 2w2020-06-25y1 00102ddc567-18MOaPDbPDcOId2020-03-16eElena Wanda Gromosaukas De PauliLF1l0o p20678-20r2020-06-25te. 3w2020-06-25y1 c20182d20182